Statistics for Countries of the World by Last 2 Letters in 90 seconds: with a map

Click here to take the quiz!

General Stats

  • This quiz has been taken 24,183 times
  • The average score is 138 of 196

Answers on the Map

Answers color-coded by a green-red scale on the quiz's map according to % correct below.
 

Answer Stats

Country% Correct
Albania
98%
Algeria
98%
Armenia
98%
Australia
98%
Austria
98%
Bolivia
98%
Bulgaria
98%
Cambodia
98%
Colombia
98%
Croatia
98%
Estonia
98%
Ethiopia
98%
Federated States of Micronesia
98%
Gambia
98%
Georgia
98%
India
98%
Indonesia
98%
Latvia
98%
Liberia
98%
Lithuania
98%
Macedonia
98%
Malaysia
98%
Mauritania
98%
Mongolia
98%
Namibia
98%
Nigeria
98%
Romania
98%
Russia
98%
Saint Lucia
98%
Saudi Arabia
98%
Serbia
98%
Slovakia
98%
Slovenia
98%
Somalia
98%
Syria
98%
Tanzania
98%
Tunisia
98%
Zambia
98%
Afghanistan
96%
Argentina
96%
Azerbaijan
96%
Bhutan
96%
Bosnia and Herzegovina
96%
Botswana
96%
China
96%
Ghana
96%
Guyana
96%
Iran
96%
Japan
96%
Jordan
96%
Kazakhstan
96%
Kyrgyzstan
96%
Oman
96%
Pakistan
96%
South Sudan
96%
Sudan
96%
Taiwan
96%
Tajikistan
96%
Turkmenistan
96%
Uzbekistan
96%
Antigua and Barbuda
94%
Canada
94%
Grenada
94%
Rwanda
94%
Uganda
94%
Finland
93%
Iceland
93%
Ireland
93%
New Zealand
93%
Poland
93%
Swaziland
93%
Switzerland
93%
Thailand
93%
Mexico
91%
Monaco
91%
Morocco
91%
Brazil
90%
Costa Rica
90%
Dominica
90%
Jamaica
90%
South Africa
90%
Bahrain
88%
Benin
88%
Liechtenstein
88%
Spain
88%
France
87%
Greece
87%
Sweden
87%
Yemen
87%
Maldives
85%
Philippines
85%
Saint Vincent and the Grenadines
85%
Seychelles
85%
United Arab Emirates
85%
United States
85%
Norway
84%
Paraguay
84%
Uruguay
84%
Nepal
80%
Portugal
80%
Senegal
80%
Madagascar
76%
Qatar
76%
Angola
75%
Equatorial Guinea
75%
Eritrea
75%
Guatemala
75%
Guinea
75%
North Korea
75%
Papua New Guinea
75%
South Korea
75%
Venezuela
75%
Egypt
74%
Kenya
73%
Libya
73%
United Kingdom
73%
Chile
72%
Germany
72%
Nauru
72%
Peru
72%
Turkey
71%
Democratic Republic of the Congo
69%
Republic of the Congo
69%
Togo
69%
Trinidad and Tobago
69%
Sierra Leone
68%
Ukraine
68%
Denmark
65%
Italy
65%
Chad
61%
Belarus
59%
Cyprus
59%
Mali
59%
Mauritius
59%
Burma
57%
Panama
57%
Vietnam
57%
Central African Republic
55%
Czech Republic
55%
Dominican Republic
55%
Niger
54%
East Timor
53%
Ecuador
53%
El Salvador
53%
Iraq
50%
Barbados
48%
Comoros
48%
Laos
48%
Cuba
47%
Marshall Islands
47%
Netherlands
47%
Solomon Islands
47%
Bahamas
44%
Honduras
44%
Mozambique
44%
Djibouti
41%
Haiti
41%
Kiribati
41%
Cameroon
40%
Gabon
40%
Lebanon
40%
Nicaragua
37%
Suriname
37%
Sri Lanka
36%
Bangladesh
34%
Belgium
34%
Zimbabwe
30%
Hungary
28%
Burkina Faso
27%
Malawi
27%
Lesotho
26%
Belize
25%
Côte d'Ivoire
25%
Singapore
25%
Guinea-Bissau
23%
Palau
23%
Moldova
22%
Andorra
20%
Israel
19%
Malta
19%
Cape Verde
18%
Samoa
18%
Kosovo
17%
Kuwait
17%
Tonga
17%
Fiji
16%
Montenegro
16%
Saint Kitts and Nevis
16%
Vatican City
16%
Luxembourg
15%
San Marino
15%
Tuvalu
15%
Vanuatu
15%
Burundi
13%
São Tomé and Príncipe
12%
Brunei
9%

Score Distribution

Percentile by Number Answered

Percent of People with Each Score

Your Score History

You have not taken this quiz